00698nam a2200181 a 450000100100000000500170001000800410002704000250006808200160009310000270010924501430013626000570027930000200033649000250035650400730038170000360045483000260049000001791620240229073943.0100407s1979 dr 000 0 spa d aDO-SdBNPbspacBNPHU axxxxbA773e1 aArranz Márquez, Luis10aEmigración española a Indias. Poblamiento y despoblación antillanos. /cLuis Arranz Márquez ; cuidado edición José Chez Checo. aSanto Domingo :bFundación García-Arvalo,c1979. a39 p. ;c21 cm.1 aMonográficavv. 13 aIncluye referencias bibliográficas y notas al pie de las páginas1 aChez Checo, José,d1949-eed. 0aMonográficanno. 13